Ekonomicko-technické informácie v stavebníctve

Gespeichert in:
Bibliographische Detailangaben
Format: Schriftenreihe
Sprache:Slowakisch
Veröffentlicht: Bratislava CENEKON
Schlagworte:
Tags: Tag hinzufügen
Keine Tags, Fügen Sie das erste Tag hinzu!

MARC

LEADER 00000nas1a22000001 4500
001 s121043
005 20230804101041.4
041 0 |a slo 
044 |a SK 
245 1 0 |a Ekonomicko-technické informácie v stavebníctve 
264 1 |a Bratislava  |b CENEKON 
610 2 0 |a stavebníctvo 
610 2 0 |a informácie ekonomické